Gauguins Bretagne : ein Tagebuch /

Bibliographic Details
Main Author: Harig, Ludwig
Format: Book
Language:German
Published: Hamburg : Ellert & Richter, 1988.
Subjects:

MARC

Tag First Indicator Second Indicator Subfields
LEADER 00000cam a2200000 a 4500
001 in00000026118
005 20151007055820.0
008 880805s1988 gw ac 00010 ger d
020 |a 3892340501 
035 |a (OCoLC)18315095 
035 |9 AAB9332AM 
040 |a GZM  |c GZM  |d TXA  |d UtOrBLW 
049 |a TXAM  |c [A11074954] 
050 4 |a ND553.G27  |b H35 1988 
100 1 |a Harig, Ludwig. 
245 1 0 |a Gauguins Bretagne :  |b ein Tagebuch /  |c Ludwig Harig. 
264 1 |a Hamburg :  |b Ellert & Richter,  |c 1988. 
300 |a 88 pages :  |b illustrations (chiefly color), portraits ;  |c 29 cm. 
336 |a text  |b txt  |2 rdacontent 
337 |a unmediated  |b n  |2 rdamedia 
338 |a volume  |b nc  |2 rdacarrier 
600 1 0 |a Gauguin, Paul,  |d 1848-1903. 
999 |a MARS 
999 f f |s e622bb92-e3db-3e77-964c-ba1de061ebfa  |i bd6d7201-73e6-329b-8abb-af5d4edb0385  |t 0 
952 f f |p ric  |a Texas A&M University  |b Rellis Campus  |c Joint Library Facility  |d Remote Storage  |t 0  |e ND553.G27 H35 1988  |h Library of Congress classification  |i unmediated -- volume  |m A14811074954 
998 f f |a ND553.G27 H35 1988  |t 0  |l Remote Storage